000 00820nam a2200181Ia 4500
008 100920s9999 xx 000 0 und d
082 _b65141
_a28 व 891,43 थ 92
100 _aपांचाल परमानन्द.
245 _aविदेशी यात्रयिों की नजर में भारत.
260 _bसूचना और प्रसारण मन्त्रालय, भारत सरकार.
_c1992
300 _a42
_bसाधी
365 _b15
520 _aबा.वि.हिंदी.
630 _aविदेशी यात्रयिों की नजर में भारत.
650 _aबा.वि.हिंदी.
730 _aविदेशी यात्रयिों की नजर में भारत.
942 _cBOOK
999 _c708027
_d708024